00485 2200181 4500245004300000020002200043250001100065100001900076700001800095700001900113650002100132005001900153260007500172041001400247084001000261300002300271336000900294 aRansel Ajaib AnacAna WidyastutihText a978-602-437-730-4 aCet. 1 aAna Widyastuti aIqbal Sudirja aAnis Rahmawati aCerita Bergambar a20240926125921 aJakartabKementrian Pendidikan, Kebudayaan, Riset, dan Teknologic2019 aIndonesia a741.5 a22 hlm. :c29,7 cm atext